Central Library OPAC University of Rajshahi

The strange story of our earth / (Record no. 11474)

MARC details
000 -LEADER
fixed length control field 00758nam a22002411 4500
001 - CONTROL NUMBER
control field 11474
003 - CONTROL NUMBER IDENTIFIER
rucl marc code BD-RjUL
005 - DATE AND TIME OF LATEST TRANSACTION
control field 20211208235131.0
008 - FIXED-LENGTH DATA ELEMENTS--GENERAL INFORMATION
fixed length control field 140126s1962 maua 000 0 eng d
035 ## - SYSTEM CONTROL NUMBER
System control number (BD-RjUL)11523
040 ## - CATALOGING SOURCE
Original cataloging agency DLC/ICU
Transcribing agency ICU
Modifying agency DLC
-- (BD-RjUL)
Language of cataloging eng
041 ## - LANGUAGE CODE
Language code of text/sound track or separate title eng
082 00 - DEWEY DECIMAL CLASSIFICATION NUMBER
Classification number 550
Author mark and year VES
100 1# - MAIN ENTRY--PERSONAL NAME
Personal name Verrill, A. Hyatt
Fuller form of name (Alpheus Hyatt),
Dates associated with a name 1871-1954.
9 (RLIN) 35463
245 14 - TITLE STATEMENT
Title The strange story of our earth /
Statement of responsibility, etc. Illustrated by the author and from paintings by Charles R. Knight; with an introd. by L. Don Leet.
260 ## - PUBLICATION, DISTRIBUTION, ETC. (IMPRINT)
Place of publication, distribution, etc. New York :
Name of publisher, distributor, etc. L.C. Page ,
Date of publication, distribution, etc. 1962
300 ## - PHYSICAL DESCRIPTION
Pagination 157 p. :
Illustrations illus. ;
Size 16cm.
650 #0 - SUBJECT ADDED ENTRY--TOPICAL TERM
Topical term or geographic name as entry element Geology.
9 (RLIN) 35464
Topical term or geographic name as entry element Paleontology.
9 (RLIN) 35465
942 ## - ADDED ENTRY ELEMENTS (KOHA)
Source of classification or shelving scheme Dewey Decimal Classification
Koha item type Books
Holdings
Lost status Source of classification or shelving scheme Damaged status Not for loan Collection code Permanent Location Current Location Shelving location Date acquired Source of acquisition Total Checkouts Full call number Date last seen Copy number Koha item type
  Dewey Decimal Classification   Not For Loan Non-fiction Central Library, University of Rajshahi Central Library, University of Rajshahi Reading Room 16/05/1963 Asia foundation Gift   550 VES 1962 26/01/2014 C-1 Books